| 000 | 01181nam1a22002291i 4500 | ||
|---|---|---|---|
| 001 | rc\3707869 | ||
| 005 | 20240726045545.0 | ||
| 035 | _a(NLR Aleph) 007766704 | ||
| 090 |
_a7424271 _c7424271 |
||
| 100 | _a20130115d1972 |||y0rusy50 ca | ||
| 101 | 0 | _arus | |
| 102 | _aRU | ||
| 105 | _a z ||||| | ||
| 200 | 1 |
_aСводный технический проект автоматизированной системы управления отраслью химического и нефтяного машиностроения ("АСУ-Химмаш") _eВ 4 т. _eТ. 1- _f[Ред. коллегия: к. э. н. Серб П.Ф.] [и др.] _gМ-во хим. и нефт. машиностроения СССР. Техн. упр. Центр. проектно-конструкт. и технол. бюро по науч. организации производства, труда и упр. (ЦПКТБ НОТ) |
|
| 210 |
_aМосква _cБ. и. _d1972 |
||
| 215 | _d20 | ||
| 333 | _aДля служебного пользования | ||
| 702 | 1 |
_aСерб _bП.Ф. _4340 |
|
| 801 | 0 |
_aRU _bNLR _gpsbo |
|
| 801 | 1 |
_aRU _bELAR _2rusmarc |
|
| 852 |
_aNLR _jШифры разные |
||
| 942 | _cBOOK | ||